Groupes de choses - le Canada - Statistiques

Statistiques générales
  • Ce quiz a été pris 343 fois
  • Le résultat moyen est 17 sur 49
Statistiques - réponses
Réponse % Correct
Français
100%
Anglais
99%
Océan Atlantique
93%
Océan Pacifique
93%
Océan Arctique
74%
Washington
60%
Michigan
54%
Maine
53%
Castor (5¢)
49%
New York
49%
Dakota du Nord
48%
Vermont
48%
Lac Supérieur
47%
Yukon
45%
Nunavut
44%
Canadiens de Montréal
41%
Territoires du Nord-Ouest
41%
Montana
40%
Caribou (25¢)
39%
Lac Érié
39%
Île-du-Prince-Édouard
38%
Minnesota
38%
Nouvelle-Écosse
36%
New Hampshire
35%
Nouveau-Brunswick
35%
Idaho
34%
Lac Huron
31%
Ohio
31%
Alaska
29%
Maple Leafs de Toronto
28%
Oilers d'Edmonton
24%
Canucks de Vancouver
22%
Jets de Winnipeg
22%
Pennsylvanie
22%
Sénateurs d'Ottawa
22%
Flames de Calgary
21%
Ours polaire (2$)
20%
Plongeon Huard (1$)
20%
Jeanne Mance
13%
Paul de Chomedey de Maisonneuve
13%
Algonquienne
11%
Grand lac {des} {Esclaves}
11%
Iroquoienne
11%
Grand lac {de} {l}'{Ours}
10%
Rivière des Outaouais
7%
Rivière Richelieu
4%
Rivière Saint-Maurice
4%
Rivière Saint-François
2%
Rivière Chaudière
1%
Aucun quiz correspondant
Distribution des résultats
% des personnes avec chaque résultat
Percentile par nombre de réponses
Votre historique - résultats
Vous n’avez pas pris ce quiz